|
|
|
|
| LEADER |
01964nam a22003853i 4500 |
| 001 |
EBC6637561 |
| 003 |
MiAaPQ |
| 005 |
20231204023216.0 |
| 006 |
m o d | |
| 007 |
cr cnu|||||||| |
| 008 |
231204s2020 xx o ||||0 eng d |
| 020 |
|
|
|a 9783110599978
|q (electronic bk.)
|
| 020 |
|
|
|z 9783110600858
|
| 035 |
|
|
|a (MiAaPQ)EBC6637561
|
| 035 |
|
|
|a (Au-PeEL)EBL6637561
|
| 035 |
|
|
|a (OCoLC)1202625196
|
| 040 |
|
|
|a MiAaPQ
|b eng
|e rda
|e pn
|c MiAaPQ
|d MiAaPQ
|
| 100 |
1 |
|
|a Idel, Moshe.
|
| 245 |
1 |
0 |
|a Abraham Abulafia's Esotericism :
|b Secrets and Doubts.
|
| 250 |
|
|
|a 1st ed.
|
| 264 |
|
1 |
|a Berlin/Boston :
|b Walter de Gruyter GmbH,
|c 2020.
|
| 264 |
|
4 |
|c Ã2020.
|
| 300 |
|
|
|a 1 online resource (448 pages)
|
| 336 |
|
|
|a text
|b txt
|2 rdacontent
|
| 337 |
|
|
|a computer
|b c
|2 rdamedia
|
| 338 |
|
|
|a online resource
|b cr
|2 rdacarrier
|
| 490 |
1 |
|
|a Studies and Texts in Scepticism Series ;
|v v.4
|
| 505 |
0 |
|
|a Intro -- Contents -- Acknowledgments -- Foreword: A Maimonidean Kabbalist -- I Introduction: Secrecy and Maimonideanism -- II Abraham Abulafia's Studies and Teaching -- III Persecution and Secrets -- IV The Parable of the Pearl and its Interpretations -- V Abulafia's Kabbalah versus other Kabbalists -- VI Appendices -- Abbreviations -- Bibliography -- Index of Sources -- Index of Names and Places -- Subject Index.
|
| 588 |
|
|
|a Description based on publisher supplied metadata and other sources.
|
| 590 |
|
|
|a Electronic reproduction. Ann Arbor, Michigan : ProQuest Ebook Central, 2023. Available via World Wide Web. Access may be limited to ProQuest Ebook Central affiliated libraries.
|
| 655 |
|
4 |
|a Electronic books.
|
| 776 |
0 |
8 |
|i Print version:
|a Idel, Moshe
|t Abraham Abulafia's Esotericism
|d Berlin/Boston : Walter de Gruyter GmbH,c2020
|z 9783110600858
|
| 797 |
2 |
|
|a ProQuest (Firm)
|
| 830 |
|
0 |
|a Studies and Texts in Scepticism Series
|
| 856 |
4 |
0 |
|u https://ebookcentral.proquest.com/lib/matrademy/detail.action?docID=6637561
|z Click to View
|